Detalles MARC
| 000 -ENCABEZADO |
| Número de control [NR] |
02587nam a2200385Ia 4500 |
| 005 - FECHA Y HORA DE LA ÚLTIMA TRANSACCIÓN |
| control field |
20140903105450.0 |
| 008 - DE LONGITUD FIJA DE DATOS DE ELEMENTOS - INFORMACIÓN GENERAL |
| Elementos de longitud fija [NR] |
130821s1972 xxua gs 0 m eng |
| 040 ## - FUENTE DE CATALOGACION [NR] |
| Agencia de catalogación original [NR] |
CO-BoUCM |
| Idioma de catalogación [NR] |
spa |
| Quien Cataloga |
Jose A. Gerena (modificó) |
| Quien Clasifica |
[Nuevo] |
| 041 0# - CODIGO DE IDIOMA [R] |
| Código de idioma para texto/pista de sonido o título separado [R] |
Inglés |
| 041 0# - CODIGO DE IDIOMA [R] |
| Código de idioma para texto/pista de sonido o título separado [R] |
Español |
| 092 ## - SIGNATURA TOPOGRAFICA LOCAL |
| Número de clasificación local |
DVD 0023 |
| 245 03 - MENCION DE TITULO [NR] |
| Título [NR] |
El padrino |
| Medio físico [NR] |
[DVD] |
| Mención de responsabilidad, etc. [NR] |
dirigida por Francis Ford Coppola |
| 260 ## - PUBLICACION, DISTRIBUCION, ETC. (PIE DE IMPRENTA) [R] |
| Lugar de publicación, distribución, etc. [R] |
Washington D.C. (Estados Unidos) |
| Nombre del editor, distribuidor, etc. [R] |
Paramount Pictures |
| Fecha de publicación, distribución, etc. [R] |
1972 |
| 300 ## - DESCRIPCION FISICA [R] |
| Extensión [R] |
4 DVD, 763 minutos |
| 500 ## - NOTA GENERAL [R] |
| Nota general [NR] |
Basada en la novela "El Padrino" (The Godfather) de Mario Puzo. |
| 500 ## - NOTA GENERAL [R] |
| Nota general [NR] |
DVD 1: El Padrino: Parte I . -- DVD 2: El Padrino: Parte II. -- DVD 3: El Padrino: Parte III. -- DVD 4: Material adicional |
| 500 ## - NOTA GENERAL [R] |
| Nota general [NR] |
SINOPSIS : Narra la vida de Don Vito Corleone, jefe de una de las cinco familias que ejercen el mando de la Cosa Nostra en la ciudad de Nueva York en los años 40, representa la experiencia de los inmigrantes (en su caso italianos) a los Estados Unidos y al mismo tiempo expone las contradicciones del "sueño americano" |
| 508 ## - NOTA DE CREDITOS DE CREACION/PRODUCCION [R] |
| Nota de créditos de creación/producción [NR] |
CRÉDITOS : Director, Francis Ford Coppola ; fotografía, Gordon Willis ; guión: Francis Ford Coppola & Mario Puzo (novela: Mario Puzo) ; música: Nino Rota & Carmine Coppola |
| 511 0# - NOTA DE PARTICIPANTE O INTERPRETE [R] |
| Nota de participante o intérprete [NR] |
El Padrino. Parte I : Marlon Brando, Al Pacino, James Caan, Robert Duvall, Diane Keaton, John Cazale, Talia Shire, Richard Castellano, Sterling Hayden, Gianni Russo, Rudy Bond, John Marley, Richard Conte, Al Lettieri, Abe Vigoda |
| 511 0# - NOTA DE PARTICIPANTE O INTERPRETE [R] |
| Nota de participante o intérprete [NR] |
El Padrino. Parte II : Al Pacino, Robert De Niro, Diane Keaton, Robert Duvall, James Caan, John Cazale, Lee Strasberg, Talia Shire, Mariana Hill, Danny Aiello, Harry Dean Stanton, Troy Donahue, Roger Corman, Morgana King |
| 511 0# - NOTA DE PARTICIPANTE O INTERPRETE [R] |
| Nota de participante o intérprete [NR] |
El Padrino. Parte III: Al Pacino, Diane Keaton, Andy García, Joe Mantegna, Talia Shire, Eli Wallach, Sofia Coppola, George Hamilton, Raf Vallone, Bridget Fonda, Helmut Berger, John Savage |
| 650 04 - ASIENTO SECUNDARIO DE MATERIA - TERMINO TEMATICO [R] |
| 9 (RLIN) |
51326 |
| Término temático o nombre geográfico como elemento de entrada [NR] |
Películas cinematográficas |
| Subdivisión geográfica [R] |
Estados Unidos |
| Subdivisión de forma [R] |
DVD |
| 650 04 - ASIENTO SECUNDARIO DE MATERIA - TERMINO TEMATICO [R] |
| Término temático o nombre geográfico como elemento de entrada [NR] |
Crimen organizado |
| Subdivisión de forma [R] |
DVD |
| 9 (RLIN) |
57724 |
| 650 04 - ASIENTO SECUNDARIO DE MATERIA - TERMINO TEMATICO [R] |
| Término temático o nombre geográfico como elemento de entrada [NR] |
Entretenimiento |
| 9 (RLIN) |
26487 |
| 650 04 - ASIENTO SECUNDARIO DE MATERIA - TERMINO TEMATICO [R] |
| Término temático o nombre geográfico como elemento de entrada [NR] |
Mafia |
| Subdivisión de forma [R] |
DVD |
| 9 (RLIN) |
18862 |
| 700 1# - ASIENTO SECUNDARIO - NOMBRE PERSONAL [R] |
| Nombre personal [NR] |
Ford Coppola, Francis |
| Término de relación [R] |
director |
| 9 (RLIN) |
59976 |
| 700 1# - ASIENTO SECUNDARIO - NOMBRE PERSONAL [R] |
| Nombre personal [NR] |
Puzo, Mario Gianluigi |
| Fechas asociadas con el nombre [NR] |
1920-1999 |
| 9 (RLIN) |
31628 |
| 710 2# - ASIENTO SECUNDARIO - NOMBRE CORPORATIVO [R] |
| Nombre corporativo o de jurisdicción como elemento de entrada [NR] |
Francis Ford Coppola Production |
| 9 (RLIN) |
53160 |
| 710 2# - ASIENTO SECUNDARIO - NOMBRE CORPORATIVO [R] |
| Nombre corporativo o de jurisdicción como elemento de entrada [NR] |
Paramount Pictures |
| 9 (RLIN) |
48549 |
| 710 2# - ASIENTO SECUNDARIO - NOMBRE CORPORATIVO [R] |
| Nombre corporativo o de jurisdicción como elemento de entrada [NR] |
Ruddy Production |
| 9 (RLIN) |
53161 |
| 765 1# - ASIENTO DE IDIOMA ORIGINAL [R] |
| Título [NR] |
The Godfather |
| 856 40 - LOCALIZACION Y ACCESO ELECTRONICOS [R] |
| Nota dirigida al público [R] |
Ver el trailer |
| Identificador Uniforme del Recurso (“URI”) [R] |
<a href="http://www.youtube.com/watch?v=OfnUvYn6HoM">http://www.youtube.com/watch?v=OfnUvYn6HoM</a> |
| 856 40 - LOCALIZACION Y ACCESO ELECTRONICOS [R] |
| Identificador Uniforme del Recurso (“URI”) [R] |
<a href="http://www.youtube.com/watch?v=OfnUvYn6HoM">http://www.youtube.com/watch?v=OfnUvYn6HoM</a> |
| Nota dirigida al público [R] |
Siga este vínculo para ver el trailer. |
| 942 ## - ELEMENTOS DE ENTRADA AGREGADOS (KOHA) |
| Koha item type |
Multimedia |
| Source of classification or shelving scheme |
LOCAL |
| Tema principal |
Sociología |
| Edition |
1 |
| Classification part |
DVD 0023 |